The Top Ten Algorithms in Data Mining

Salvato in:
Dettagli Bibliografici
Altri autori: Wu, Xindong (Redattore), Kumar, Vipin (Redattore)
Natura: Libro
Lingua:inglese
Pubblicazione: Boca Raton : Taylor & Francis Group, 2009
Soggetti:
Tags: Aggiungi Tag
Nessun Tag, puoi essere il primo ad aggiungerne!!

MARC

LEADER 00000nam a22000003a 4500
001 stu197415
005 20150617230034.7
008 091217s2009----xxu-----------------eng-d
020 |a 978-1-4200-8964-6 
040 |a STU  |b slo 
041 0 |a eng 
044 |a xxu 
100 1 |a Wu, Xindong  |4 edt 
245 1 |a The Top Ten Algorithms in Data Mining 
260 |a Boca Raton :  |b Taylor & Francis Group,  |c 2009 
300 |a 215 s 
650 7 |a získavanie dát  |2 stusub 
650 7 |a algoritmy  |2 stusub 
700 1 |a Kumar, Vipin  |4 edt 
996 |c I*11WS6138  |l II680  |s A  |a 24  |w stu197415_0001